Magántanári képesítés [rövid hír]

Elmentve itt :
Bibliográfiai részletek
Dokumentumtípus: Cikk
Megjelent: 1945-12-23
Sorozat:Délmagyarország 2 No. 290
Kulcsszavak:Fodor Gábor, Egyetemi tanári kinevezés
Online Access:http://dmarchiv.bibl.u-szeged.hu/34316
LEADER 00440nab a2200145 i 4500
001 delm34316
005 20180927112909.0
008 180927s1945 hu o 0|| hun d
040 |a SZTE Délmagyarország Archívum  |b hun 
041 |a hun 
245 0 0 |a Magántanári képesítés   |h [elektronikus dokumentum] :  |b [rövid hír] 
260 |c 1945-12-23 
300 |a 3 
490 0 |a Délmagyarország  |v 2 No. 290 
695 |a Fodor Gábor, Egyetemi tanári kinevezés